New beginnings: raja yoga (Record no. 493763)

000 -LEADER
fixed length control field 00385cam a22001337a 4500
008 - FIXED-LENGTH DATA ELEMENTS--GENERAL INFORMATION
fixed length control field 180718b1996 xxu||||| |||| 00| 0 eng d
082 ## - DEWEY DECIMAL CLASSIFICATION NUMBER
Classification number ABx54 K899
245 ## - TITLE STATEMENT
Title New beginnings: raja yoga
260 ## - PUBLICATION, DISTRIBUTION, ETC.
Place of publication, distribution, etc. Rajasthan
Name of publisher, distributor, etc. Brahma Kumaris Ishwariya Vishwa Vidyalaya
Date of publication, distribution, etc. 1996
300 ## - PHYSICAL DESCRIPTION
Extent 185p.
650 ## - SUBJECT ADDED ENTRY--TOPICAL TERM
Topical term or geographic name entry element The spritual Revolution
650 ## - SUBJECT ADDED ENTRY--TOPICAL TERM
Topical term or geographic name entry element The wheel of life
650 ## - SUBJECT ADDED ENTRY--TOPICAL TERM
Topical term or geographic name entry element Soul- Consciousness
Holdings
Withdrawn status Lost status Damaged status Not for loan Permanent Location Current Location Date acquired Full call number Barcode Date last seen Price effective from Koha item type
        Indian Institute of Public Administration Indian Institute of Public Administration 2018-08-04 ABx54 K899 GR18266 2018-08-04 2018-08-04 GR

Powered by Koha